Religionspädagogik mit Friedrich Nietzsche: eine Auseinandersetzung mit Nietzsches Religions- und Bildungskritik
| Main Author: | |
|---|---|
| Corporate Author: | |
| Format: | Print Book |
| Language: | German |
| Subito Delivery Service: | Order now. |
| Check availability: | HBZ Gateway |
| WorldCat: | WorldCat |
| Interlibrary Loan: | Interlibrary Loan for the Fachinformationsdienste (Specialized Information Services in Germany) |
| Published: |
Tübingen
Mohr Siebeck
[2018]
|
| In: |
Praktische Theologie in Geschichte und Gegenwart (24)
Year: 2018 |
| Series/Journal: | Praktische Theologie in Geschichte und Gegenwart
24 |
| Standardized Subjects / Keyword chains: | B
Nietzsche, Friedrich 1844-1900
/ Philosophy
/ Protestant religious pedagogy
|
| Further subjects: | B
Nietzsche, Friedrich Wilhelm (1844-1900)
B Religious Education Philosophy B Protestant religious pedagogy B Christian Education B Nietzsche, Friedrich Wilhelm (1844-1900) Views on education B Education Religious aspects B Nietzsche, Friedrich (1844-1900) B Education Philosophy B Thesis B Philosophy |
| Online Access: |
Contents Table of Contents Literaturverzeichnis |
MARC
| LEADER | 00000cam a2200000 c 4500 | ||
|---|---|---|---|
| 001 | 1011327236 | ||
| 003 | DE-627 | ||
| 005 | 20260326095422.0 | ||
| 007 | tu | ||
| 008 | 180205s2018 gw ||||| m 00| ||ger c | ||
| 015 | |a 18,N03 |2 dnb | ||
| 015 | |a 18,N03 |2 dnb | ||
| 016 | 7 | |a 1150317973 |2 DE-101 | |
| 020 | |a 9783161553615 |q : EUR 64.00 (DE) |9 978-3-16-155361-5 | ||
| 020 | |a 3161553616 |9 3-16-155361-6 | ||
| 024 | 3 | |a 9783161553615 | |
| 035 | |a (DE-627)1011327236 | ||
| 035 | |a (DE-603)427011604 | ||
| 035 | |a (DE-576)498082741 | ||
| 035 | |a (DE-599)DNB1150317973 | ||
| 035 | |a (OCoLC)1026356684 | ||
| 035 | |a (OCoLC)1026356684 | ||
| 040 | |a DE-627 |b ger |c DE-627 |e rda | ||
| 041 | |a ger | ||
| 044 | |c XA-DE-BW | ||
| 050 | 0 | |a LB775.N547 | |
| 082 | 0 | |a 261.51092 |q DE-101 | |
| 082 | 0 | 4 | |a 230 |a 100 |a 370 |q DE-101 |
| 084 | |a 230 |2 sdnb | ||
| 084 | |a 1 |2 ssgn | ||
| 084 | |a BQ 7330 |2 rvk |0 (DE-625)rvk/15603: | ||
| 084 | |a BU 1520 |2 rvk |0 (DE-625)rvk/16831: | ||
| 084 | |a CG 5917 |2 rvk |0 (DE-625)rvk/18252:11616 | ||
| 084 | |a 11.77 |2 bkl | ||
| 100 | 1 | |e VerfasserIn |0 (DE-588)1153082918 |0 (DE-627)1014481252 |0 (DE-576)500061300 |4 aut |a Knura, Tabea |d 1985- | |
| 109 | |a Knura, Tabea 1985- | ||
| 245 | 1 | 0 | |a Religionspädagogik mit Friedrich Nietzsche |b eine Auseinandersetzung mit Nietzsches Religions- und Bildungskritik |c Tabea Knura |
| 246 | 3 | 0 | |a Religionskritik |
| 264 | 1 | |a Tübingen |b Mohr Siebeck |c [2018] | |
| 264 | 4 | |c © 2018 | |
| 300 | |a XII, 330 Seiten | ||
| 336 | |a Text |b txt |2 rdacontent | ||
| 337 | |a ohne Hilfsmittel zu benutzen |b n |2 rdamedia | ||
| 338 | |a Band |b nc |2 rdacarrier | ||
| 490 | 1 | |a Praktische Theologie in Geschichte und Gegenwart |v 24 | |
| 500 | |a Literaturverzeichnis: Seite 305-324 | ||
| 502 | |b Dissertation |c Rheinische Friedrich-Wilhelms-Universität Bonn |d 2016 | ||
| 583 | 1 | |a Archivierung/Langzeitarchivierung gewährleistet |f PEBW |x XA-DE-BW |2 pdager |5 DE-24 | |
| 583 | 1 | |a Archivierung/Langzeitarchivierung gewährleistet |f SSG |x XA-DE-BW |2 pdager |5 DE-21 | |
| 600 | 1 | 0 | |a Nietzsche, Friedrich Wilhelm |d 1844-1900 |
| 600 | 1 | 0 | |a Nietzsche, Friedrich Wilhelm |d 1844-1900 |x Views on education |
| 600 | 1 | 7 | |0 (DE-588)118587943 |0 (DE-627)133733971 |0 (DE-576)209049553 |a Nietzsche, Friedrich |d 1844-1900 |2 gnd |
| 601 | |a Religionspädagogik | ||
| 601 | |a Auseinandersetzung | ||
| 601 | |a Religion | ||
| 650 | 0 | |a Religious Education |x Philosophy | |
| 650 | 0 | |a Education |x Philosophy | |
| 650 | 0 | |a Christian Education | |
| 650 | 0 | |a Education |x Religious aspects | |
| 650 | 0 | 7 | |0 (DE-588)4045791-6 |0 (DE-627)106200259 |0 (DE-576)209066873 |a Philosophie |2 gnd |
| 650 | 0 | 7 | |0 (DE-588)4153261-2 |0 (DE-627)104819316 |0 (DE-576)209801999 |a Evangelische Religionspädagogik |2 gnd |
| 655 | 7 | |a Hochschulschrift |0 (DE-588)4113937-9 |0 (DE-627)105825778 |0 (DE-576)209480580 |2 gnd-content | |
| 689 | 0 | 0 | |d p |0 (DE-588)118587943 |0 (DE-627)133733971 |0 (DE-576)209049553 |2 gnd |a Nietzsche, Friedrich |d 1844-1900 |
| 689 | 0 | 1 | |d s |0 (DE-588)4045791-6 |0 (DE-627)106200259 |0 (DE-576)209066873 |2 gnd |a Philosophie |
| 689 | 0 | 2 | |d s |0 (DE-588)4153261-2 |0 (DE-627)104819316 |0 (DE-576)209801999 |2 gnd |a Evangelische Religionspädagogik |
| 689 | 0 | |5 DE-101 | |
| 710 | 2 | |e Grad-verleihende Institution |0 (DE-588)36150-1 |0 (DE-627)100832725 |0 (DE-576)19034461X |4 dgg |a Rheinische Friedrich-Wilhelms-Universität Bonn | |
| 751 | |a Bonn |0 (DE-588)4007666-0 |0 (DE-627)106372270 |0 (DE-576)208871632 |4 uvp | ||
| 830 | 0 | |a Praktische Theologie in Geschichte und Gegenwart |v 24 |9 24 |w (DE-627)519770544 |w (DE-576)255061285 |w (DE-600)2257929-1 |x 1862-8958 |7 am | |
| 856 | 4 | 2 | |u https://swbplus.bsz-bw.de/bsz1011327236ref.htm |m V:DE-576 |m B:DE-21 |v 20230729193145 |3 Literaturverzeichnis |7 1 |
| 856 | 4 | 2 | |u http://d-nb.info/1150317973/04 |m B:DE-101 |q application/pdf |3 Inhaltsverzeichnis |7 1 |
| 856 | 4 | 2 | |u http://deposit.dnb.de/cgi-bin/dokserv?id=6fc2b200a45944fc91eb35c750e2d679&prov=M&dok_var=1&dok_ext=htm |m X:MVB |q text/html |3 Inhaltstext |7 1 |
| 935 | |a mteo | ||
| 935 | |i Blocktest | ||
| 936 | r | v | |a BQ 7330 |b Konzeptionen der Religionspädagogik |k Theologie und Religionswissenschaften |k Evangelische Praktische Theologie |k Katechetik, Religionspädagogik, Gemeindepädagogik |k Religionspädagogik |k Konzeptionen der Religionspädagogik |0 (DE-627)1272623572 |0 (DE-625)rvk/15603: |0 (DE-576)202623572 |
| 936 | r | v | |a BU 1520 |b Geschichte der religiösen Unterweisung, der Religionspädagogik, der Katechese und Katechetik |k Theologie und Religionswissenschaften |k Religionspädagogik und Katechetik |k Werke zur Geschichte der Erziehungswissenschaft, Religionspädagogik und Katechetik |k Geschichte der religiösen Unterweisung, der Religionspädagogik, der Katechese und Katechetik |0 (DE-627)1270654284 |0 (DE-625)rvk/16831: |0 (DE-576)200654284 |
| 936 | r | v | |a CG 5917 |b Abhandlungen, Studien |k Philosophie |k Geschichte der Philosophie |k Geschichte der Philosophie des Abendlandes von Antike bis 20. Jahrhundert |k Philosophie des 19. Jahrhunderts |k Deutschland und deutschsprachige Gebiete |k Autoren |k Autoren N |k Nietzsche, Friedrich Wilhelm |k Abhandlungen, Studien |0 (DE-627)127070463X |0 (DE-625)rvk/18252:11616 |0 (DE-576)20070463X |
| 936 | b | k | |a 11.77 |j Religionspädagogik |0 (DE-627)106403931 |
| 936 | s | n | |a b100 |2 mzub |
| 936 | s | n | |a c100 |2 mzub |
| 936 | s | n | |a d100 |2 mzub |
| 951 | |a BO | ||
| ELC | |b 1 | ||
| ITA | |a 1 |t 1 | ||
| LOK | |0 000 xxxxxcx a22 zn 4500 | ||
| LOK | |0 001 3285780924 | ||
| LOK | |0 003 DE-627 | ||
| LOK | |0 004 1011327236 | ||
| LOK | |0 005 20180327143918 | ||
| LOK | |0 008 180312||||||||||||||||ger||||||| | ||
| LOK | |0 040 |a DE-21 |c DE-627 |d DE-21 | ||
| LOK | |0 852 |a DE-21 | ||
| LOK | |0 852 1 |c 58 A 2352 |9 00 | ||
| LOK | |0 935 |a theo | ||
| LOK | |0 936ln |a t7.4 | ||
| LOK | |0 938 |a 1803 |f 2 | ||
| LOK | |0 939 |a 2018-03-12 |b l01 | ||
| LOK | |0 000 xxxxxcx a22 zn 4500 | ||
| LOK | |0 001 3285780932 | ||
| LOK | |0 003 DE-627 | ||
| LOK | |0 004 1011327236 | ||
| LOK | |0 005 20180614161608 | ||
| LOK | |0 008 180614||||||||||||||||ger||||||| | ||
| LOK | |0 040 |a DE-21 |c DE-627 |d DE-21 | ||
| LOK | |0 852 |a DE-21 | ||
| LOK | |0 852 1 |c 58 A 3851 |9 00 | ||
| LOK | |0 935 |a theo | ||
| LOK | |0 936ln |a t7.4 | ||
| LOK | |0 938 |a 1806 |f 2 | ||
| LOK | |0 939 |a 2018-06-14 |b l02 | ||
| LOK | |0 000 xxxxxcx a22 zn 4500 | ||
| LOK | |0 001 3285780983 | ||
| LOK | |0 003 DE-627 | ||
| LOK | |0 004 1011327236 | ||
| LOK | |0 005 20181207145832 | ||
| LOK | |0 008 180228||||||||||||||||ger||||||| | ||
| LOK | |0 040 |a DE-21-31 |c DE-627 |d DE-21-31 | ||
| LOK | |0 541 |e 18/229 | ||
| LOK | |0 852 |a DE-21-31 | ||
| LOK | |0 852 1 |c Pi III b 73 |m p |9 00 | ||
| LOK | |0 938 |a 1812 |f E12 | ||
| LOK | |0 938 |k p | ||
| LOK | |0 939 |a 2018-02-28 |b l01 | ||
| LOK | |0 000 xxxxxcx a22 zn 4500 | ||
| LOK | |0 001 3285781386 | ||
| LOK | |0 003 DE-627 | ||
| LOK | |0 004 1011327236 | ||
| LOK | |0 005 20180419231315 | ||
| LOK | |0 008 180323||||||||||||||||ger||||||| | ||
| LOK | |0 040 |a DE-Tue135 |c DE-627 |d DE-Tue135 | ||
| LOK | |0 092 |o n | ||
| LOK | |0 852 |a DE-Tue135 | ||
| LOK | |0 852 1 |9 00 | ||
| LOK | |0 935 |a ixbt | ||
| LOK | |0 939 |a 2018-03-23 |b l01 | ||
| ORI | |a TA-MARC-ixtheoa001.raw | ||
| REL | |a 1 | ||
| STA | 0 | 0 | |a Philosophy,Philosophy in literature,Protestant religious pedagogy,Evangelical religious pedagogy,Protestant religious education,Evangelical religious education |
| STB | 0 | 0 | |a Philosophie,Philosophie,Pédagogie protestante de la religion |
| STC | 0 | 0 | |a Filosofía,Filosofía,Pedagogía evangélica de la religión |
| STD | 0 | 0 | |a Filosofia,Filosofia,Pedagogia evangelica della religione |
| STE | 0 | 0 | |a 哲学,宗教教育 |
| STF | 0 | 0 | |a 哲學,宗教教育 |
| STG | 0 | 0 | |a Filosofia,Filosofia,Pedagogia evangélica da religião |
| STH | 0 | 0 | |a Протестантская педагогика религии,Философия (мотив),Философия |
| STI | 0 | 0 | |a Προτεσταντική θρησκευτική παιδαγωγική,Φιλοσοφία (μοτίβο),Φιλοσοφία |
| SUB | |a REL | ||
| SYA | 0 | 0 | |a Niçşe, Fridrih,1844-1900,Nietzsche, Friedrich Wilhelm,1844-1900,Nietzsche, Friedrich W.,1844-1900,Nietzsche, Friedrich G.,1844-1900,Nietzsche, Federico G.,1844-1900,Nietzsche, Frederico,1844-1900,Nietzsche, Fridericus,1844-1900,Nietzsche,1844-1900,Nīča, Fridirīk,1844-1900,Nīča, Frīdrīš,1844-1900,Nīča, Frīdrīḫ,1844-1900,Nīča, Frīdrīš Wīlhilm,1844-1900,Niče, Fridrih,1844-1900,Niče, Fridrich,1844-1900,Nich'e, P'ŭridŭrihi,1844-1900,Nic'še, Fridrix,1844-1900,Nicšė, Frydrych,1844-1900,Nicše, Friedrich,1844-1900,Nicše, F.,1844-1900,Nicše, Fridrich,1844-1900,Nicše,1844-1900,Niçe,1844-1900,Nītša, Frīdrīš,1844-1900,Nietszche, Friedrich,1844-1900,Nietztsche,1844-1900,Niezsche, F.,1844-1900,Nitče,1844-1900,Niṭsheh, Fridrikh,1844-1900,Nitse, Phreideriku,1844-1900,Nitse, Phrēntrich,1844-1900,Nitse, Phrintrich,1844-1900,Nitse, Phr.,1844-1900,Nitse,1844-1900,Nitše, F.,1844-1900,Nītših, Frīdrīk,1844-1900,Nītših, Frīdriš,1844-1900,Niṭshah, Fridrikh,1844-1900,Nyčė, Frydrichas,1844-1900,N., Fridericus,1844-1900,Nīče, Frīdrihs Vilhelms,1844-1900,Nīče, Fridrihs,1844-1900,Nīče, Frīdrihs,1844-1900,Nīče, Vilhelms,1844-1900,Nīche, F. W.,1844-1900,Nīche, F.,1844-1900,Nīche, Furīdorihi,1844-1900,Nīche,1844-1900,Nītše, Frīdriš,1844-1900,Fu li de li xi Ni cai,1844-1900,Fulidelixi-Nicai,1844-1900,Nicai, Fulidlixi,1844-1900,Ni cai,1844-1900,Nicai,1844-1900,Nitsi,1844-1900,Netzi, Fidirix Wilihlim,1844-1900,Nitče, Fredrix,1844-1900,Nitche, Fredih,1844-1900,Nietzsche, Federico,1844-1900,Nietzsche, Frédéric,1844-1900,Nietzsche, Fryderyk,1844-1900,Nitcše, Fridrich,1844-1900,Nīche, Furīdorihhi Viruherumu,1844-1900,Nicšė, Frydrych,1844-1900,Peu li deu li hi Ni che,1844-1900,Peulideulihi-Niche,1844-1900,Niche, Peulideulihi,1844-1900,Nich'e, P'ŭridŭrihi,1844-1900,Nic̕še, P̕ridrix,1844-1900 |
| SYE | 0 | 0 | |a Philosophy,Philosophieren |
| SYG | 0 | 0 | |a Niçşe, Fridrih,1844-1900,Nietzsche, Friedrich Wilhelm,1844-1900,Nietzsche, Friedrich W.,1844-1900,Nietzsche, Friedrich G.,1844-1900,Nietzsche, Federico G.,1844-1900,Nietzsche, Frederico,1844-1900,Nietzsche, Fridericus,1844-1900,Nietzsche,1844-1900,Nīča, Fridirīk,1844-1900,Nīča, Frīdrīš,1844-1900,Nīča, Frīdrīḫ,1844-1900,Nīča, Frīdrīš Wīlhilm,1844-1900,Niče, Fridrih,1844-1900,Niče, Fridrich,1844-1900,Nich'e, P'ŭridŭrihi,1844-1900,Nic'še, Fridrix,1844-1900,Nicšė, Frydrych,1844-1900,Nicše, Friedrich,1844-1900,Nicše, F.,1844-1900,Nicše, Fridrich,1844-1900,Nicše,1844-1900,Niçe,1844-1900,Nītša, Frīdrīš,1844-1900,Nietszche, Friedrich,1844-1900,Nietztsche,1844-1900,Niezsche, F.,1844-1900,Nitče,1844-1900,Niṭsheh, Fridrikh,1844-1900,Nitse, Phreideriku,1844-1900,Nitse, Phrēntrich,1844-1900,Nitse, Phrintrich,1844-1900,Nitse, Phr.,1844-1900,Nitse,1844-1900,Nitše, F.,1844-1900,Nītših, Frīdrīk,1844-1900,Nītših, Frīdriš,1844-1900,Niṭshah, Fridrikh,1844-1900,Nyčė, Frydrichas,1844-1900,N., Fridericus,1844-1900,Nīče, Frīdrihs Vilhelms,1844-1900,Nīče, Fridrihs,1844-1900,Nīče, Frīdrihs,1844-1900,Nīče, Vilhelms,1844-1900,Nīche, F. W.,1844-1900,Nīche, F.,1844-1900,Nīche, Furīdorihi,1844-1900,Nīche,1844-1900,Nītše, Frīdriš,1844-1900,Fu li de li xi Ni cai,1844-1900,Fulidelixi-Nicai,1844-1900,Nicai, Fulidlixi,1844-1900,Ni cai,1844-1900,Nicai,1844-1900,Nitsi,1844-1900,Netzi, Fidirix Wilihlim,1844-1900,Nitče, Fredrix,1844-1900,Nitche, Fredih,1844-1900,Nietzsche, Federico,1844-1900,Nietzsche, Frédéric,1844-1900,Nietzsche, Fryderyk,1844-1900,Nitcše, Fridrich,1844-1900,Nīche, Furīdorihhi Viruherumu,1844-1900,Nicšė, Frydrych,1844-1900,Peu li deu li hi Ni che,1844-1900,Peulideulihi-Niche,1844-1900,Niche, Peulideulihi,1844-1900,Nich'e, P'ŭridŭrihi,1844-1900,Nic̕še, P̕ridrix,1844-1900 , Philosophy,Philosophieren |



